000 01172nam a22003257a 4500
003 CHAP
005 20220329140744.0
008 971013s1995 r 00010 d
010 _a57139
011 _a58111
035 _a62266
040 _cCHAP
090 _aTesis
100 0 0 _aMonterrubio Velasco, Aurora.
_977843
245 _aSituación actual y perspectivas de exportación del jugo de naranja concentrado para el mercado norteamericano
260 _aChapingo, Méx. :
_bEl autor,
_c1995
300 _a105 h.
502 _aTesis (Lic. en Comercio Internacional de Productos Agropecuarios) -- UACH. Departamento de Economía Agrícola
590 _aALEPH
_b10
_c20130110
_lUCH01
_h1335
590 _aBATCH-UPD
_b10
_c20130110
_lUCH01
_h0523
590 _aBATCH-UPD
_b10
_c20130410
_lUCH01
_h0203
590 _aBATCH-UPD
_b10
_c20130914
_lUCH01
_h1706
590 _aCONVERSION
_b10
_c20130109
_lUCH01
_h1331
650 1 4 _aJugo de naranja
_xExportación.
_962291
650 1 4 _aJugo de naranja
_xMercadeo.
_962292
901 _aBK
942 _cFOLL
949 _bBC
_cTES
_d-133476
_eTS1
_h28439
_i62266
_si
949 _bBC
_cTES
_d33724000088373
_eTS2
_fc.2
_h28440
_i62266
_si
999 _c57139
_d57139